000 00952nam a2200277Ia 4500
001 Para_2875
003 CHAP
008 220125s1988 xx 000 0 und d
010 _a201408
040 _cCHAP
090 _aPA TESIS 500
100 _aMora Aguilera, Gustavo
_978120
245 _aIncidencia de Phytophtora cinnamomi Rans en el patosistema radical del agu
260 _aChapingo, Méx. :
_b El autor
300 _a102 p.
502 _aTesis (Ing. Agr. Esp. en Parasitología Agrícola) -- UACh. Departamento de Parasitología Agrícola
650 _aAguacate
_x Enfermedades Phytophythora cinnamomi
_9166318
710 _aUACh. Departamento de Parasitología Agrícola
_9115877
901 _aPA TESIS 500
902 _aA
905 _a0000001988 CHAi 0000000000 00
910 _a1988
942 _cPARA
942 _cPARA
_d1
999 _c201408
_d201408